Owl City - Fireflies - Statistics

General Stats
  • This quiz has been taken 45 times
  • The average score is 281 of 331
Answer Stats
Answer % Correct
a
100%
A
100%
as
100%
As
100%
asleep
100%
asleep)
100%
asleep,
100%
believe
100%
fireflies
100%
I
100%
earth
97%
eyes
97%
make
97%
million
97%
my
97%
myself
97%
not
97%
planet
97%
slowly
97%
ten
97%
That
97%
that
97%
the
97%
to
97%
To
97%
turns
97%
would
97%
You
97%
your
97%
If
94%
like
94%
up
94%
when
94%
(When
94%
When
94%
an
91%
And
91%
and
91%
I'm
91%
it
91%
Lit
91%
world
91%
awake
88%
fell
88%
is
88%
It's
88%
rather
88%
say
88%
seems.
88%
seems
88%
stay
88%
they
88%
but
85%
But
85%
fall
85%
hard
85%
I'd
85%
me
85%
never
85%
'Cause
82%
'cause
82%
everything
82%
From
82%
from
82%
bugs
79%
do
79%
in
79%
lightning
79%
thousand
79%
air
76%
bed
76%
open
76%
stare
76%
away
74%
everywhere
74%
far
74%
get
74%
hugs
74%
just
74%
take
74%
are
71%
by
71%
dreams
71%
farewell
71%
hate
71%
here
71%
leave
71%
Leave
71%
Please
71%
stand
71%
weird
71%
fill
68%
goodbyes
68%
head
68%
teardrops
68%
think
68%
too
68%
above
65%
crack
65%
dance
65%
door
65%
hanging
65%
how
65%
insomniac
65%
real
65%
said
65%
thread
65%
where
65%
ball
62%
disco
62%
such
62%
teach
62%
You'd
62%
beneath
59%
bizarre
59%
feel
59%
foxtrot
59%
know
59%
of
59%
tire
59%
Because
56%
rude
56%
tired
56%
got
53%
tried
53%
hop
50%
jar
50%
misty
50%
sock
50%
them
50%
Why
50%
counting
47%
several
47%
sheep?
47%
bursting
44%
keep
44%
at
41%
I'll
41%
few
38%
seams
38%
saved
29%
No matching quizzes found
Score Distribution
Percent of People with Each Score
Percentile by Number Answered
Your Score History
You have not taken this quiz